Đang tải...
Money banking in pakistan
| Tác giả chính: | |
|---|---|
| Định dạng: | Printed Book |
| Ngôn ngữ: | Undetermined English |
| Được phát hành: |
New Delhi
Oxford University Press
1984
|
| Phiên bản: | 3 |
| Những chủ đề: |
| LEADER | 00568nam a2200193Ia 4500 | ||
|---|---|---|---|
| 008 | 140306s9999 xx 000 0 und d | ||
| 020 | |a 0195773276 | ||
| 041 | |a eng | ||
| 082 | |a 332.4 |b MEE/MO | ||
| 100 | |a Meenai, S A | ||
| 245 | |a Money banking in pakistan | ||
| 250 | |a 3 | ||
| 260 | |a New Delhi |b Oxford University Press |c 1984 | ||
| 300 | |a 308 | ||
| 365 | |b UKP.11.50 | ||
| 650 | |a Commercial banks | ||
| 942 | |2 ddc |c BK | ||
| 999 | |c 182218 |d 182218 | ||
| 952 | |0 0 |1 0 |2 ddc |4 0 |6 332_400000000000000_MEE_MO |7 0 |9 187900 |a KAUCBV |b KAUCBV |g 11.50 |o 332.4 MEE/MO |r 2014-03-22 |w 2014-03-22 |y BK | ||